Names of the 75th Hunger Games' Tributes - Statistics

General Stats
  • This quiz has been taken 157 times
  • The average score is 13 of 24
Answer Stats
District Name % Correct
12 Katniss
98%
12 Peeta
98%
4 Finnick
94%
3 Beetee
93%
4 Mags
93%
3 Wiress
91%
7 Johanna
89%
2 Brutus
75%
1 Gloss
75%
1 Cashmere
74%
2 Enobaria
73%
11 Chaff
59%
7 Blight
53%
11 Seeder
52%
8 Cecelia
40%
8 Woof
39%
Unnamed morphling
29%
Unnamed morphling
29%
Unnamed un
11%
Unnamed un
11%
Unnamed un
11%
Unnamed un
11%
Unnamed un
11%
Unnamed un
11%
No matching quizzes found
Score Distribution
Percent of People with Each Score
Percentile by Number Answered
Your Score History
You have not taken this quiz